La celebración eucarística: proceso de amor y compromiso
Guardat en:
| Autor principal: | |
|---|---|
| Format: | Llibre |
| Idioma: | espanyol |
| Publicat: |
Santiago
Salesiana
1980
|
| Matèries: | |
| Etiquetes: |
Afegir etiqueta
Sense etiquetes, Sigues el primer a etiquetar aquest registre!
|
MARC
| LEADER | 00000nam a2200000 a 4500 | ||
|---|---|---|---|
| 001 | UCQ2192 | ||
| 003 | CL-VaPUC | ||
| 008 | 980721e19800000CL |||||||||||||||||spa|d | ||
| 082 | 0 | 4 | |a 264.36 |b YAÑ |2 21 |
| 100 | 0 | |a Yáñez, José L |e author |9 416143 | |
| 245 | 1 | 3 | |a La celebración eucarística: proceso de amor y compromiso |
| 300 | |a 79 p | ||
| 942 | |c BK | ||
| 945 | |d 19980721 00:00:00 |a aalvarez | ||
| 260 | |a Santiago |b Salesiana |c 1980 | ||
| 650 | 0 | |a Eucaristía |9 257336 | |
| 650 | 0 | |a Misa |9 329325 | |
| 650 | 7 | |a CULTOS |2 CL-VaPUC |9 416144 | |
| 583 | |a last modification |c 19980721 00:00:00 |k Rodrigo Vera | ||
| 999 | |c 273031 |d 273029 | ||
| 952 | |0 0 |1 0 |4 0 |6 264_360000000000000_YAÑ_1980 |7 0 |8 A |9 308282 |a BIBTEO |b BIBTEO |d 2019-11-20 |i 3383008 |o 264.36 YAÑ 1980 |p 3383008 |r 2025-01-17 |w 2019-11-20 |y BK |k ICR | ||
| 952 | |0 0 |1 0 |4 0 |6 264_360000000000000_YAÑ_1980 |7 0 |8 A |9 308283 |a BIBTEO |b BIBTEO |d 2019-11-20 |i 3383245 |o 264.36 YAÑ 1980 |p 3383245 |r 2025-01-17 |w 2019-11-20 |y BK |k ICR | ||
| 952 | |0 0 |1 0 |4 0 |6 264_360000000000000_YAÑ_1980 |7 0 |8 A |9 308284 |a BIBTEO |b BIBTEO |d 2019-11-20 |i 3383253 |o 264.36 YAÑ 1980 |p 3383253 |r 2025-01-17 |w 2019-11-20 |y BK |k ICR | ||
| 952 | |0 0 |1 0 |4 0 |6 264_360000000000000_YAÑ_1980 |7 0 |8 A |9 308285 |a BIBTEO |b BIBTEO |d 2019-11-20 |i 3383261 |o 264.36 YAÑ 1980 |p 3383261 |r 2025-01-17 |w 2019-11-20 |y BK |k ICR | ||